000 01447pab a2200169 454500
008 180718b2007 xxu||||| |||| 00| 0 eng d
100 _aTywoniak, Stephane A.
245 _aKnowledge in four deformation dimensions
260 _c2007
300 _ap.53-76.
362 _aJan
520 _aThis paper sketches a complexity conceptualization of knowledge. Building from evolutionary theories, it defines knowledge as rules that reduce environmental uncertainty through connections between ideas and facts. Knowledge is conceived as a structure validated through action, a process contextualized in individual experience and a system embedded in social and cultural experience. It exhibits four characteristics of a complex system: it is sensitive to initial conditions, exhibits multiple feedback loops, is non-linear and is recursively symmetrical. Knowledge's four interdependent deformation dimensions are identified (personal, common, tacit and explicit) and their interactions are discussed. This conceptualization of knowledge as a complex system contributes to the knowledge-based theory of the firm by providing some micro-foundations to organizational knowledge, and it opens the opportunity to re-think theories of communities of practice, entrepreneurship and firm creation, the role of managers, and knowledge management. - Reproduced.
650 _aKnowledge management
773 _aOrganization
908 _aN
909 _a73161
999 _c73161
_d73161